[Event "Primorsko op"]
[Site "Primorsko"]
[Date "2021.09.16"]
[Round "4"]
[White "Genchev, Damjan"]
[Black "Nahornyi, Ihor"]
[Result "0-1"]
[WhiteElo "1607"]
[BlackElo "1914"]
[PlyCount "44"]
[EventDate "2021.09.13"]
[EventType "swiss"]
[EventRounds "9"]
[EventCountry "BUL"]
[SourceTitle "CBM 204 Extra"]
[Source "ChessBase"]
[SourceDate "2021.11.30"]
[SourceVersion "1"]
[SourceVersionDate "2021.11.30"]
[SourceQuality "1"]

1. e4 c5 2. Nf3 e6 3. c3 d5 4. exd5 Qxd5 5. d4 Nf6 6. Be2 Nc6 7. 0-0 cxd4 8. cxd4 Be7 9. Nc3 Qd6 10. h3 0-0 11. Be3 Nb4 12. Rc1 Nbd5 13. Nxd5 Nxd5 14. Bg5 b6 15. Bd3 Bb7 16. Bxe7 Qxe7 17. Ne5 Nf4 18. Nf3 Qf6 19. Rc7 Nxh3+ 20. Kh2 Qf4+ 21. Kxh3 Bxf3 22. Qc1 Qg4+ 0-1